000 00556nam a22002057a 4500
003 OSt
005 20140310181727.0
008 130308t xxu||||| |||| 00| 0 eng d
020 _a9780140513639
022 _a0140513639
050 _aPN 41
_b.C964 1998
082 _aIB 803
_bC89 1998
245 _aDictionary of literary terms and literary theory
_cJ.A. Cuddon ; revised by C.E. Preston
260 _aEngland:
_bPenguin Books,
_cc1998
300 _a991 p.
_c20 cm
521 _aIB Students
541 _j1
562 _e1
942 _2lcc
_cIB
_kIB
999 _c2249
_d2249